[Event "Europa tch 2011 femenino"]
[Site "Porto Carras"]
[Date "2011.11.10"]
[Round "8.12"]
[White "Bhatia, Kanwal K"]
[Black "Blagojevic, Tijana"]
[Result "1-0"]
[WhiteElo "2087"]
[BlackElo "1925"]
[PlyCount "85"]
[EventDate "2011.11.03"]
[EventType "team"]
[EventRounds "9"]
[EventCountry "GRE"]
[Source "lmi"]
[SourceDate "2011.11.03"]
[WhiteTeamCountry "NED"]
[BlackTeamCountry "GRE"]

1. e4 e5 2. Nf3 Nc6 3. Bc4 Bc5 4. b4 Bb6 5. a4 a6 6. O-O d6 7. Nc3 Nf6 8. Nd5
Nxd5 9. exd5 Ne7 10. d4 exd4 11. Nxd4 O-O 12. Ra3 Re8 13. Bb2 Ng6 14. Rg3 Qh4
15. Bb3 Bd7 16. c4 a5 17. b5 Bc5 18. Bc2 Qe7 19. Bf5 Rad8 20. Bxd7 Qxd7 21. Qc2
Bxd4 22. Bxd4 f5 23. Qc3 b6 24. f4 Re4 25. h4 Rde8 26. h5 Nxf4 27. Rxf4 Rxf4
28. Rxg7+ Qxg7 29. Bxg7 Rg4 30. Bh6 Re2 31. Qf3 Ra2 32. Qf1 Rc2 33. Be3 Ra2 34.
h6 Rc2 35. Bf2 Rf4 36. Qa1 Rg4 37. Qf6 Rc1+ 38. Kh2 Rcxc4 39. Qe6+ Kf8 40.
Qxf5+ Kg8 41. Be3 Rxa4 42. Bg5 Rge4 43. Qf6 1-0

[Event "Europa tch 2011 femenino"]
[Site "Porto Carras"]
[Date "2011.11.10"]
[Round "8.12"]
[White "Ciuksyte, Dagne"]
[Black "Milovic, Aleksandra"]
[Result "1-0"]
[WhiteElo "2327"]
[BlackElo "2171"]
[PlyCount "77"]
[EventDate "2011.11.03"]
[EventType "team"]
[EventRounds "9"]
[EventCountry "GRE"]
[Source "lmi"]
[SourceDate "2011.11.03"]
[WhiteTeamCountry "NED"]
[BlackTeamCountry "GRE"]

1. e4 c5 2. Nf3 e6 3. d4 cxd4 4. Nxd4 Nf6 5. Nc3 d6 6. g4 Be7 7. g5 Nfd7 8. h4
a6 9. Bh3 Nb6 10. Qe2 d5 11. exd5 Nxd5 12. Bd2 O-O 13. O-O-O Nxc3 14. Bxc3 Qc7
15. Rdg1 Nc6 16. Nxc6 Qxc6 17. Qe5 f6 18. gxf6 Bxf6 19. Rxg7+ Kxg7 20. Rg1+ Kf7
21. Qh5+ Ke7 22. Bb4+ Kd8 23. Bxf8 Bd7 24. Rd1 Rc8 25. Qxh7 Kc7 26. Bd6+ Kb6
27. Bb4 Ka7 28. Rxd7 Bxh4 29. Bc3 Qh1+ 30. Kd2 Bxf2 31. Ke2 Bc5 32. Bf1 Qg1 33.
Qf7 Qe3+ 34. Kd1 Ka8 35. Bd2 Qe4 36. Bd3 Qh1+ 37. Qf1 Qh5+ 38. Be2 Qe5 39. Bf3
1-0

[Event "Europa tch 2011 femenino"]
[Site "Porto Carras"]
[Date "2011.11.10"]
[Round "8.12"]
[White "Vojinovic, Jovana"]
[Black "Houska, Jovanka"]
[Result "1-0"]
[WhiteElo "2346"]
[BlackElo "2415"]
[PlyCount "67"]
[EventDate "2011.11.03"]
[EventType "team"]
[EventRounds "9"]
[EventCountry "GRE"]
[Source "lmi"]
[SourceDate "2011.11.03"]
[WhiteTeamCountry "NED"]
[BlackTeamCountry "GRE"]

1. Nf3 d5 2. c4 c6 3. g3 Nf6 4. Bg2 dxc4 5. O-O Nbd7 6. Qc2 Nb6 7. Na3 Be6 8.
Ne5 Qd4 9. Nxc6 bxc6 10. Bxc6+ Nfd7 11. Bxa8 Nxa8 12. d3 Bh3 13. Rd1 Qd5 14. f3
e5 15. dxc4 Bc5+ 16. Kh1 Qe6 17. Bd2 Qb6 18. Nb5 Be7 19. Be1 Nc7 20. Nxc7+ Qxc7
21. b4 O-O 22. c5 Be6 23. Rac1 f5 24. Bf2 Rb8 25. Qa4 e4 26. Qa6 Kf7 27. Be3
Rxb4 28. c6 Nb6 29. Bf4 Qc8 30. Qxa7 Nd5 31. Bd6 Rb5 32. a4 Rb2 33. Rxd5 Rb7
34. Qxb7 1-0

[Event "Europa tch 2011 femenino"]
[Site "Porto Carras"]
[Date "2011.11.10"]
[Round "8.13"]
[White "Calzetta Ruiz, Monica"]
[Black "Heinatz, Dr Gundula"]
[Result "1/2-1/2"]
[WhiteElo "2301"]
[BlackElo "2205"]
[PlyCount "51"]
[EventDate "2011.11.03"]
[EventType "team"]
[EventRounds "9"]
[EventCountry "GRE"]
[Source "lmi"]
[SourceDate "2011.11.03"]
[WhiteTeamCountry "NED"]
[BlackTeamCountry "GRE"]

1. e4 c5 2. Nf3 Nc6 3. d4 cxd4 4. Nxd4 g6 5. Nc3 Bg7 6. Nb3 Nf6 7. Bc4 a6 8. a4
Na5 9. Nxa5 Qxa5 10. O-O O-O 11. Re1 d6 12. Nd5 Nxd5 13. exd5 Bf6 14. Bh6 Re8
15. c3 Bd7 16. Bf1 Qc7 17. Be3 e6 18. dxe6 Rxe6 19. Qb3 Rae8 20. Red1 Bc6 21.
Bc4 R6e7 22. h3 Kg7 23. a5 h6 24. Bd5 Re5 25. Bxc6 Qxc6 26. Ra4 1/2-1/2

[Event "Europa tch 2011 femenino"]
[Site "Porto Carras"]
[Date "2011.11.10"]
[Round "8.13"]
[White "De Seroux, Camille"]
[Black "Hernandez Estevez, Yudania"]
[Result "0-1"]
[WhiteElo "2056"]
[BlackElo "2284"]
[PlyCount "46"]
[EventDate "2011.11.03"]
[EventType "team"]
[EventRounds "9"]
[EventCountry "GRE"]
[Source "lmi"]
[SourceDate "2011.11.03"]
[WhiteTeamCountry "NED"]
[BlackTeamCountry "GRE"]

1. e4 e5 2. Nf3 Nc6 3. d4 exd4 4. Nxd4 g6 5. c4 Bg7 6. Be3 Qf6 7. f4 Nxd4 8. e5
Qe7 9. Bxd4 d6 10. Qe2 Nh6 11. Nd2 Bg4 12. Nf3 Bxf3 13. gxf3 O-O 14. O-O-O Rfe8
15. Re1 Qh4 16. Qe4 f5 17. Qe3 dxe5 18. fxe5 Nf7 19. Qc3 Rad8 20. Rd1 c5 21.
Bxc5 Bxe5 22. Rxd8 Rxd8 23. Qb4 Qf4+ 0-1

[Event "Europa tch 2011 femenino"]
[Site "Porto Carras"]
[Date "2011.11.10"]
[Round "8.13"]
[White "Pascual Palomo, Lucia"]
[Black "Stoeri, Laura"]
[Result "0-1"]
[WhiteElo "2104"]
[BlackElo "1939"]
[PlyCount "110"]
[EventDate "2011.11.03"]
[EventType "team"]
[EventRounds "9"]
[EventCountry "GRE"]
[Source "lmi"]
[SourceDate "2011.11.03"]
[WhiteTeamCountry "NED"]
[BlackTeamCountry "GRE"]

1. e4 e5 2. Nf3 Nc6 3. d4 exd4 4. Nxd4 Nf6 5. Nc3 Bb4 6. Nxc6 bxc6 7. Bd3 d5 8.
exd5 cxd5 9. Qe2+ Be7 10. Bg5 O-O 11. O-O-O c6 12. Rhe1 Bb4 13. h3 Qd6 14. Qf3
d4 15. Ne4 Nxe4 16. Qxe4 f5 17. Qe5 Qxe5 18. Rxe5 h6 19. Bd2 Bd6 20. Bc4+ Kh7
21. Ra5 Bb7 22. Re1 Rf6 23. Re2 Kg6 24. f3 Bc7 25. Ra4 c5 26. Re7 Bc6 27. Ra3
Bb6 28. g4 Re8 29. gxf5+ Kh7 30. Re6 Ref8 31. Re7 Re8 32. Rxe8 Bxe8 33. Be6 Bf7
34. Bc8 Bd5 35. Bf4 Rf8 36. Bd7 g5 37. Be5 Rf7 38. Bb5 c4 39. f6 Rf8 40. Bd7
Kg6 41. Bb5 Kf5 42. Bd6 Rxf6 43. Bb8 Rf7 44. Ra4 c3 45. Bc4 Re7 46. Bg3 Bxf3
47. Bd3+ Be4 48. Be2 Bc6 49. Bg4+ Kg6 50. Rc4 Bd5 51. Rc8 h5 52. Bd1 Re3 53.
Bf2 Rxh3 54. Rf8 Rh1 55. Bg3 Rxd1+ 0-1

[Event "Europa tch 2011 femenino"]
[Site "Porto Carras"]
[Date "2011.11.10"]
[Round "8.13"]
[White "Seps, Monika"]
[Black "Alexandrova, Olga"]
[Result "0-1"]
[WhiteElo "2198"]
[BlackElo "2423"]
[PlyCount "146"]
[EventDate "2011.11.03"]
[EventType "team"]
[EventRounds "9"]
[EventCountry "GRE"]
[Source "lmi"]
[SourceDate "2011.11.03"]
[WhiteTeamCountry "NED"]
[BlackTeamCountry "GRE"]

1. e4 c6 2. d4 d5 3. exd5 cxd5 4. Bd3 Nc6 5. c3 Qc7 6. Ne2 Bg4 7. Na3 e6 8. f3
Bh5 9. Bf4 Qd7 10. Qa4 Rc8 11. b4 Nxb4 12. Bb5 Nc6 13. Bxc6 bxc6 14. Rb1 Bg6
15. Rb2 Bd6 16. Qa6 Bxf4 17. Nxf4 Ne7 18. O-O O-O 19. Nxg6 hxg6 20. Rb7 Rc7 21.
Rfb1 Rfc8 22. Qxa7 Qd6 23. Nc2 Kh7 24. Rxc7 Rxc7 25. Rb7 Rxb7 26. Qxb7 Nf5 27.
Qb1 c5 28. Qe1 g5 29. Ne3 Nh4 30. Qg3 Qe7 31. dxc5 Qxc5 32. Qxg5 Ng6 33. h4
Qxc3 34. h5 Ne5 35. h6 gxh6 36. Qf4 Kg7 37. Ng4 Qe1+ 38. Kh2 Qh4+ 39. Kg1 Nxg4
40. fxg4 Qe1+ 41. Kh2 e5 42. Qf5 Qe3 43. a4 d4 44. a5 d3 45. a6 d2 46. Qd7 Qd4
47. Qxd4 exd4 48. a7 d1=Q 49. a8=Q Qxg4 50. Qd5 Qf4+ 51. Kh1 Qc1+ 52. Kh2 Qe3
53. Qf5 d3 54. Qg4+ Kf6 55. Qh4+ Kg6 56. Qg4+ Qg5 57. Qe4+ Qf5 58. Qc6+ Qe6 59.
Qc5 f6 60. Qb4 Qe5+ 61. Kh1 Qd5 62. Qg4+ Kf7 63. Kg1 d2 64. Qd1 Qd4+ 65. Kf1
Qe3 66. Qh5+ Kf8 67. Qd1 Qd3+ 68. Kf2 h5 69. g3 Kg7 70. Kg2 Kg6 71. Kf2 Kg5 72.
Kg2 Qe3 73. Kf1 Qxg3 0-1

[Event "Europa tch 2011 femenino"]
[Site "Porto Carras"]
[Date "2011.11.10"]
[Round "8.14"]
[White "Batkovskyte, Dominyka"]
[Black "Carlsen, Ellen Oen"]
[Result "1-0"]
[WhiteElo "2102"]
[BlackElo "1931"]
[PlyCount "83"]
[EventDate "2011.11.03"]
[EventType "team"]
[EventRounds "9"]
[EventCountry "GRE"]
[Source "lmi"]
[SourceDate "2011.11.03"]
[WhiteTeamCountry "NED"]
[BlackTeamCountry "GRE"]

1. d4 f5 2. e4 fxe4 3. Nc3 Nf6 4. Bg5 g6 5. Bc4 c6 6. d5 d6 7. Bxf6 exf6 8.
Nxe4 f5 9. Qd4 Qe7 10. Qxh8 Qxe4+ 11. Be2 Qxd5 12. Nf3 Nd7 13. Qxh7 Qf7 14. Qh4
Be7 15. Qd4 Nb6 16. O-O g5 17. Rfe1 Be6 18. a4 g4 19. Nd2 O-O-O 20. a5 c5 21.
Qd3 Nd5 22. a6 b6 23. Nc4 Bf8 24. Bf1 f4 25. Qb3 Nc7 26. Nxb6+ axb6 27. Qxb6
Bd5 28. a7 Ba8 29. b4 Qd5 30. bxc5 Qxc5 31. Qb8+ Kd7 32. Qb3 Bd5 33. Qa4+ Qc6
34. Qxf4 Be6 35. Ra5 Be7 36. Rea1 Rf8 37. Qb4 d5 38. Qb8 Qxc2 39. Bb5+ Nxb5 40.
Qxb5+ Kc7 41. a8=Q Rxf2 42. Ra7+ 1-0

[Event "Europa tch 2011 femenino"]
[Site "Porto Carras"]
[Date "2011.11.10"]
[Round "8.14"]
[White "Daulyte, Deimante"]
[Black "Johnsen, Sylvia"]
[Result "1-0"]
[WhiteElo "2238"]
[BlackElo "2028"]
[PlyCount "63"]
[EventDate "2011.11.03"]
[EventType "team"]
[EventRounds "9"]
[EventCountry "GRE"]
[Source "lmi"]
[SourceDate "2011.11.03"]
[WhiteTeamCountry "NED"]
[BlackTeamCountry "GRE"]

1. e4 e5 2. Nf3 Nc6 3. Bb5 a6 4. Ba4 Nf6 5. O-O Be7 6. Re1 b5 7. Bb3 d6 8. c3
O-O 9. h3 Na5 10. Bc2 c5 11. d4 Qc7 12. Nbd2 cxd4 13. cxd4 Re8 14. Nf1 Nc4 15.
b3 Nb6 16. Bb2 Nbd7 17. Rc1 a5 18. Ne3 Qb8 19. Nd5 Nxd5 20. exd5 Bf6 21. dxe5
dxe5 22. Nd4 g6 23. Bd3 Ba6 24. Nc6 Qb6 25. Bb1 b4 26. Qg4 e4 27. Bxf6 Nxf6 28.
Qh4 Nxd5 29. Bxe4 Bb7 30. Bxd5 Rxe1+ 31. Rxe1 Bxc6 32. Qf6 1-0

[Event "Europa tch 2011 femenino"]
[Site "Porto Carras"]
[Date "2011.11.10"]
[Round "8.14"]
[White "Hansen, Erle Andrea Marki"]
[Black "Vanagaite, Giedre"]
[Result "0-1"]
[WhiteElo "1762"]
[BlackElo "1958"]
[PlyCount "48"]
[EventDate "2011.11.03"]
[EventType "team"]
[EventRounds "9"]
[EventCountry "GRE"]
[Source "lmi"]
[SourceDate "2011.11.03"]
[WhiteTeamCountry "NED"]
[BlackTeamCountry "GRE"]

1. d4 d5 2. c4 c6 3. Nf3 Nf6 4. Nc3 e6 5. e3 Nbd7 6. Qc2 Bd6 7. Bd3 O-O 8. O-O
dxc4 9. Bxc4 b5 10. Be2 Bb7 11. b3 a6 12. Bb2 c5 13. Rac1 Rc8 14. Qb1 Qb6 15.
Rfd1 Rfd8 16. Qa1 cxd4 17. Nxd4 Nc5 18. f3 b4 19. Nb1 Nd5 20. Nc2 Nxe3 21. Nxe3
Nxb3 22. axb3 Qxe3+ 23. Kh1 Qxe2 24. Bxg7 Bxf3 0-1

[Event "Europa tch 2011 femenino"]
[Site "Porto Carras"]
[Date "2011.11.10"]
[Round "8.14"]
[White "Reppen, Ellisiv"]
[Black "Zaksaite, Salomeja"]
[Result "0-1"]
[WhiteElo "1949"]
[BlackElo "2200"]
[PlyCount "114"]
[EventDate "2011.11.03"]
[EventType "team"]
[EventRounds "9"]
[EventCountry "GRE"]
[Source "lmi"]
[SourceDate "2011.11.03"]
[WhiteTeamCountry "NED"]
[BlackTeamCountry "GRE"]

1. e4 e5 2. Nf3 Nc6 3. Bb5 a6 4. Ba4 Nf6 5. d3 b5 6. Bb3 Bc5 7. c3 O-O 8. O-O
d5 9. Qe2 d4 10. Bg5 Bb7 11. cxd4 Nxd4 12. Nxd4 Bxd4 13. Nc3 h6 14. Bh4 g5 15.
Bg3 Qd6 16. Nd1 Rad8 17. Ne3 Bc8 18. Nd5 Nd7 19. Rac1 Nc5 20. Qh5 Kg7 21. Bc2
Bxb2 22. Rb1 Bd4 23. h4 c6 24. Ne3 Qf6 25. Ng4 Bxg4 26. Qxg4 Qe6 27. Qh5 Qg6
28. Qe2 Qf6 29. Qg4 a5 30. Kh1 Qe6 31. Qh5 Rh8 32. Bh2 f6 33. g3 Qxa2 34. Rbc1
Qf7 35. Qe2 b4 36. f4 Qe7 37. fxe5 fxe5 38. Qg4 Rdf8 39. Rf5 Rxf5 40. exf5 Qf6
41. Bg1 Rd8 42. Bb1 Bxg1 43. Kxg1 Nb3 44. hxg5 Qxg5 45. f6+ Kf8 46. Qxg5 hxg5
47. Rxc6 Nd2 48. d4 exd4 49. Bf5 Nf3+ 50. Kf2 d3 51. Kxf3 d2 52. Bc2 d1=Q+ 53.
Bxd1 Rxd1 54. Rc5 b3 55. Kg4 b2 56. Kxg5 b1=Q 57. Rc8+ Kf7 0-1

[Event "Europa tch 2011 femenino"]
[Site "Porto Carras"]
[Date "2011.11.11"]
[Round "9.1"]
[White "Kopinits, Anna-Christina"]
[Black "Gunina, Valentina"]
[Result "0-1"]
[WhiteElo "2276"]
[BlackElo "2514"]
[PlyCount "78"]
[EventDate "2011.11.03"]
[EventType "team"]
[EventRounds "9"]
[EventCountry "GRE"]
[Source "lmi"]
[SourceDate "2011.11.03"]
[WhiteTeam "Austria"]
[BlackTeam "Russia"]
[WhiteTeamCountry "AUT"]
[BlackTeamCountry "RUS"]

1. e4 c6 2. d4 d5 3. exd5 cxd5 4. c4 Nf6 5. Nc3 e6 6. Nf3 Bb4 7. cxd5 Nxd5 8.
Bd2 Nc6 9. Bd3 O-O 10. O-O Be7 11. Re1 Ndb4 12. Be4 Nxd4 13. Nxd4 Qxd4 14. Qe2
Nc6 15. Be3 Qf6 16. Red1 Rd8 17. Rxd8+ Bxd8 18. Rd1 Qe7 19. Qd3 Ba5 20. Bxh7+
Kh8 21. Be4 f5 22. Bxc6 bxc6 23. Bf4 e5 24. Qe2 e4 25. Bd6 Qf7 26. b4 Bb6 27.
Na4 Be6 28. Nxb6 axb6 29. Qe3 Qh5 30. Rc1 Rxa2 31. Qxb6 Rd2 32. Qb8+ Kh7 33. h3
e3 34. Bf8 Rd1+ 35. Rxd1 Qxd1+ 36. Kh2 exf2 37. Qe5 Qg1+ 38. Kg3 f1=N+ 39. Kf3
Bd5+ 0-1

[Event "Europa tch 2011 femenino"]
[Site "Porto Carras"]
[Date "2011.11.11"]
[Round "9.1"]
[White "Kosintseva, Nadezhda"]
[Black "Moser, Eva"]
[Result "1/2-1/2"]
[WhiteElo "2546"]
[BlackElo "2448"]
[PlyCount "219"]
[EventDate "2011.11.03"]
[EventType "team"]
[EventRounds "9"]
[EventCountry "GRE"]
[Source "lmi"]
[SourceDate "2011.11.03"]
[WhiteTeam "Russia"]
[BlackTeam "Austria"]
[WhiteTeamCountry "RUS"]
[BlackTeamCountry "AUT"]

1. e4 c5 2. Nf3 Nc6 3. Nc3 e5 4. Bc4 Be7 5. d3 d6 6. O-O Nf6 7. Ng5 O-O 8. f4
Bg4 9. Qe1 exf4 10. Bxf4 Nd4 11. Qd2 Qd7 12. Be3 h6 13. Nf3 Nxf3+ 14. gxf3 Be6
15. Kh1 Kh7 16. Bxe6 fxe6 17. Qg2 Rf7 18. Rg1 Raf8 19. Ne2 Ne8 20. Raf1 d5 21.
b3 Bd6 22. f4 dxe4 23. dxe4 Qc6 24. Rd1 b6 25. e5 Qxg2+ 26. Kxg2 Bc7 27. Ng3 g5
28. fxg5 Bxe5 29. Ne4 Rf3 30. Bc1 Bd4 31. gxh6 R3f5 32. Rgf1 Rg8+ 33. Kh1 Rg4
34. Ng3 Rxf1+ 35. Rxf1 Nf6 36. Kg2 Rg6 37. Kh3 e5 38. Ne2 e4 39. Rf5 Ng4 40.
Nxd4 cxd4 41. Rf7+ Kh8 42. Bb2 Nxh6 43. Bxd4+ Kg8 44. Re7 Nf7 45. Be3 Nd6 46.
Bf4 b5 47. Bxd6 Rxd6 48. Rxe4 Ra6 49. a4 Rc6 50. c4 bxa4 51. bxa4 Rc5 52. Re7
Rxc4 53. Rxa7 Rd4 54. Kg3 Rc4 55. h4 Rd4 56. Ra5 Rd3+ 57. Kg4 Rd4+ 58. Kg5 Kg7
59. h5 Kh7 60. Kf6 Rc4 61. Ke6 Rb4 62. Kd6 Rf4 63. Kc6 Rf6+ 64. Kd7 Rf4 65. Ra6
Rb4 66. a5 Rb5 67. h6 Rf5 68. Ke8 Re5+ 69. Kd7 Rf5 70. Ke7 Re5+ 71. Kd6 Rf5 72.
Kc6 Rf6+ 73. Kb5 Rf5+ 74. Kc4 Rf4+ 75. Kd3 Rf5 76. Kd4 Rb5 77. Kc4 Rf5 78. Kc3
Rb5 79. Kd4 Rf5 80. Ra8 Rb5 81. a6 Rb6 82. Kc5 Rf6 83. Kb5 Rf5+ 84. Kc6 Rf6+
85. Kd7 Rb6 86. Kc7 Rf6 87. Kb7 Rf7+ 88. Kc6 Rf6+ 89. Kd5 Rb6 90. Kc5 Rf6 91.
Kc4 Rf4+ 92. Kd5 Rf6 93. Kc5 Rf5+ 94. Kc6 Rf6+ 95. Kd7 Rb6 96. Kc8 Rf6 97. Kc7
Rf7+ 98. Kb6 Rf6+ 99. Kc5 Rf5+ 100. Kd4 Rf6 101. Ra7+ Kxh6 102. Kd5 Rg6 103.
Ke5 Rg5+ 104. Kf4 Rg6 105. Ra8 Kh7 106. Ke5 Rg5+ 107. Kf4 Rg6 108. Kf5 Rc6 109.
Ra7+ Kh6 110. Ke4 1/2-1/2

[Event "Europa tch 2011 femenino"]
[Site "Porto Carras"]
[Date "2011.11.11"]
[Round "9.1"]
[White "Kosteniuk, Alexandra"]
[Black "Newrkla, Katharina"]
[Result "1-0"]
[WhiteElo "2439"]
[BlackElo "2131"]
[PlyCount "129"]
[EventDate "2011.11.03"]
[EventType "team"]
[EventRounds "9"]
[EventCountry "GRE"]
[Source "lmi"]
[SourceDate "2011.11.03"]
[WhiteTeam "Russia"]
[BlackTeam "Austria"]
[WhiteTeamCountry "RUS"]
[BlackTeamCountry "AUT"]

1. e4 e5 2. Nf3 Nc6 3. Bb5 a6 4. Ba4 Nf6 5. O-O Be7 6. Re1 b5 7. Bb3 d6 8. c3
O-O 9. h3 Nb8 10. d4 Nbd7 11. Nbd2 Bb7 12. Bc2 Re8 13. Nf1 d5 14. dxe5 Nxe4 15.
N1d2 Bc5 16. Nxe4 dxe4 17. Bg5 f6 18. Bb3+ Kh8 19. exf6 Nxf6 20. Nd4 Qd6 21.
Qd2 Rad8 22. Rad1 Bb6 23. Qc1 Qe5 24. Bf4 Qh5 25. Bg5 Qg6 26. Qf4 Nd5 27. Qg4
Rd6 28. Bc2 Nf6 29. Qg3 Rd5 30. Bf4 Qxg3 31. Bxg3 c5 32. Nb3 c4 33. Nd4 e3 34.
f3 Rg5 35. Bf4 Rd5 36. Bxe3 Rde5 37. Bf2 Bxd4 38. cxd4 Re2 39. Rc1 Nd5 40. Rxe2
Rxe2 41. Kf1 Re8 42. Be4 g6 43. Bg3 Kg7 44. a3 Kf7 45. Kf2 h6 46. h4 Re7 47.
Bd6 Rd7 48. Be5 Nb6 49. g4 Na4 50. Rc2 a5 51. Ke3 Nb6 52. Bxb7 Rxb7 53. Ke4 b4
54. axb4 axb4 55. d5 c3 56. Kd4 cxb2 57. Rxb2 Na4 58. Rb3 Rb5 59. Bd6 Nb6 60.
Bc5 Nd7 61. Rxb4 Rxc5 62. Rb7 Rc1 63. Rxd7+ Kf6 64. f4 Rd1+ 65. Kc5 1-0

[Event "Europa tch 2011 femenino"]
[Site "Porto Carras"]
[Date "2011.11.11"]
[Round "9.1"]
[White "Novkovic, Julia"]
[Black "Pogonina, Natalija"]
[Result "1/2-1/2"]
[WhiteElo "2089"]
[BlackElo "2451"]
[PlyCount "68"]
[EventDate "2011.11.03"]
[EventType "team"]
[EventRounds "9"]
[EventCountry "GRE"]
[Source "lmi"]
[SourceDate "2011.11.03"]
[WhiteTeam "Austria"]
[BlackTeam "Russia"]
[WhiteTeamCountry "AUT"]
[BlackTeamCountry "RUS"]

1. e4 e5 2. Nf3 Nc6 3. Nc3 Nf6 4. d4 exd4 5. Nxd4 Bb4 6. Nxc6 bxc6 7. Bd3 O-O
8. O-O d5 9. exd5 cxd5 10. Bg5 c6 11. Qf3 Bd6 12. Bxf6 Qxf6 13. Qxf6 gxf6 14.
Ne2 Rb8 15. Rab1 Re8 16. Ng3 Bd7 17. Nh5 Be5 18. c3 Bg4 19. Ng3 Bxg3 20. fxg3
Kg7 21. Rf2 Re3 22. Rd2 Bh5 23. Rf1 Rbe8 24. Rf4 Bg6 25. Bxg6 hxg6 26. Kf2 R3e6
27. c4 dxc4 28. Rxc4 Rb8 29. b3 Rb5 30. Rdc2 Rf5+ 31. Rf4 Ra5 32. Rfc4 Rf5+ 33.
Rf4 Ra5 34. Rfc4 Rf5+ 1/2-1/2

[Event "Europa tch 2011 femenino"]
[Site "Porto Carras"]
[Date "2011.11.11"]
[Round "9.2"]
[White "Danielian, Elina"]
[Black "Socko, Monika"]
[Result "1/2-1/2"]
[WhiteElo "2507"]
[BlackElo "2479"]
[PlyCount "68"]
[EventDate "2011.11.03"]
[EventType "team"]
[EventRounds "9"]
[EventCountry "GRE"]
[Source "lmi"]
[SourceDate "2011.11.03"]
[WhiteTeam "Armenia"]
[BlackTeam "Poland"]
[WhiteTeamCountry "ARM"]
[BlackTeamCountry "POL"]

1. d4 Nf6 2. Nf3 g6 3. c4 Bg7 4. g3 O-O 5. Bg2 d6 6. O-O Nc6 7. Nc3 Bg4 8. h3
Bxf3 9. Bxf3 Nd7 10. Be3 e5 11. Bxc6 bxc6 12. Qd2 Qe7 13. b3 a6 14. Kg2 Rae8
15. Rad1 f5 16. dxe5 Bxe5 17. Rfe1 Nf6 18. Bd4 Qf7 19. e3 Ne4 20. Qc2 Qf6 21.
Ne2 c5 22. Bxe5 Qxe5 23. Qd3 Rf7 24. h4 Qb2 25. Qb1 Qe5 26. Qa1 Qe7 27. Nf4 Nf6
28. Qb1 Ng4 29. Nd5 Qe5 30. Qd3 h6 31. Qc3 Kg7 32. Qxe5+ Rxe5 33. Nc3 Re8 34.
Nd5 Nf6 1/2-1/2

[Event "Europa tch 2011 femenino"]
[Site "Porto Carras"]
[Date "2011.11.11"]
[Round "9.2"]
[White "Galojan, Lilit"]
[Black "Majdan Gajewska, Joanna"]
[Result "1-0"]
[WhiteElo "2383"]
[BlackElo "2386"]
[PlyCount "81"]
[EventDate "2011.11.03"]
[EventType "team"]
[EventRounds "9"]
[EventCountry "GRE"]
[Source "lmi"]
[SourceDate "2011.11.03"]
[WhiteTeam "Armenia"]
[BlackTeam "Poland"]
[WhiteTeamCountry "ARM"]
[BlackTeamCountry "POL"]

1. c4 e5 2. Nc3 Nc6 3. Nf3 g6 4. d4 exd4 5. Nxd4 Bg7 6. Nxc6 bxc6 7. g3 Nf6 8.
Bg2 O-O 9. O-O Re8 10. Qa4 a5 11. Rd1 Qe7 12. Bf4 Qc5 13. Bxc7 Ng4 14. e3 Nxf2
15. Kxf2 Qxe3+ 16. Kf1 Bd4 17. Rxd4 Qxd4 18. Rd1 Qa7 19. Bd6 Ba6 20. Ne4 Re6
21. Qc2 Qe3 22. b3 Rae8 23. Bf4 Qa7 24. Qc3 d5 25. Nf6+ Rxf6 26. Qxf6 dxc4 27.
Bf3 cxb3+ 28. Kg2 Qe7 29. Qxe7 Rxe7 30. axb3 Bb5 31. Bg5 Re8 32. Bf6 a4 33. b4
Kf8 34. Kf2 Rb8 35. Ke3 Re8+ 36. Kf4 h6 37. g4 Rc8 38. h4 Bc4 39. g5 hxg5+ 40.
hxg5 Bb3 41. Rh1 1-0

[Event "Europa tch 2011 femenino"]
[Site "Porto Carras"]
[Date "2011.11.11"]
[Round "9.2"]
[White "Szczepkowska-H., Karina"]
[Black "Kursova, Maria"]
[Result "1/2-1/2"]
[WhiteElo "2379"]
[BlackElo "2315"]
[PlyCount "81"]
[EventDate "2011.11.03"]
[EventType "team"]
[EventRounds "9"]
[EventCountry "GRE"]
[Source "lmi"]
[SourceDate "2011.11.03"]
[WhiteTeam "Poland"]
[BlackTeam "Armenia"]
[WhiteTeamCountry "POL"]
[BlackTeamCountry "ARM"]

1. e4 c5 2. Nf3 e6 3. d4 cxd4 4. Nxd4 a6 5. Be2 Nf6 6. Nc3 Qc7 7. O-O d6 8. a4
Nc6 9. Be3 Bd7 10. Nb3 b6 11. f4 Be7 12. Bf3 O-O 13. Kh1 Bc8 14. g4 Nd7 15. g5
Re8 16. Bg2 Bb7 17. Rf3 Bf8 18. Rh3 g6 19. Qe1 Nb4 20. Qf2 Bg7 21. Rd1 Rad8 22.
Rd2 Ba8 23. Qh4 Nf8 24. f5 exf5 25. exf5 Bxg2+ 26. Rxg2 Bxc3 27. bxc3 Nd5 28.
Bg1 Ne7 29. f6 Nf5 30. Qf2 b5 31. axb5 axb5 32. Rf3 Qb7 33. Nd4 Nxd4 34. cxd4
Re4 35. Rd3 d5 36. h4 Qd7 37. Bh2 Rde8 38. Be5 Rg4 39. Rh2 Ra8 40. Rd1 Qe6 41.
Re1 1/2-1/2

[Event "Europa tch 2011 femenino"]
[Site "Porto Carras"]
[Date "2011.11.11"]
[Round "9.2"]
[White "Zawadzka, Jolanta"]
[Black "Mkrtchian, Lilit"]
[Result "1-0"]
[WhiteElo "2326"]
[BlackElo "2469"]
[PlyCount "81"]
[EventDate "2011.11.03"]
[EventType "team"]
[EventRounds "9"]
[EventCountry "GRE"]
[Source "lmi"]
[SourceDate "2011.11.03"]
[WhiteTeam "Poland"]
[BlackTeam "Armenia"]
[WhiteTeamCountry "POL"]
[BlackTeamCountry "ARM"]

1. e4 c6 2. d4 d5 3. Nc3 dxe4 4. Nxe4 Bf5 5. Ng3 Bg6 6. h4 h6 7. Nf3 Nd7 8. h5
Bh7 9. Bd3 Bxd3 10. Qxd3 e6 11. Bd2 Ngf6 12. O-O-O Be7 13. Kb1 O-O 14. Ne4 Nxe4
15. Qxe4 Nf6 16. Qe2 Qd5 17. Be3 Rfd8 18. Ne5 Nd7 19. Bc1 Nxe5 20. dxe5 Qa5 21.
Rdg1 Rd4 22. c3 Rd5 23. f4 Rad8 24. g4 R8d7 25. c4 Rd4 26. g5 hxg5 27. fxg5 Qb4
28. g6 Bf8 29. h6 Qxc4 30. gxf7+ Rxf7 31. Qh5 Qd3+ 32. Ka1 Ra4 33. Rg3 Qf5 34.
hxg7 Rxg7 35. Rxg7+ Bxg7 36. Qe8+ Bf8 37. Bh6 Rh4 38. Rg1+ Kh7 39. Qxf8 Qg4 40.
Qg7+ Qxg7 41. Bxg7 1-0

[Event "Europa tch 2011 femenino"]
[Site "Porto Carras"]
[Date "2011.11.11"]
[Round "9.3"]
[White "Guichard, Pauline"]
[Black "Gaponenko, Inna"]
[Result "1-0"]
[WhiteElo "2305"]
[BlackElo "2435"]
[PlyCount "125"]
[EventDate "2011.11.03"]
[EventType "team"]
[EventRounds "9"]
[EventCountry "GRE"]
[Source "lmi"]
[SourceDate "2011.11.03"]
[WhiteTeam "France"]
[BlackTeam "Ukraine"]
[WhiteTeamCountry "FRA"]
[BlackTeamCountry "UKR"]

1. d4 d5 2. c4 e6 3. Nc3 c6 4. e3 Nf6 5. Nf3 Nbd7 6. Qc2 b6 7. Bd3 Bb7 8. O-O
Be7 9. b3 Qc7 10. Bb2 Rd8 11. Rad1 h6 12. Qe2 O-O 13. h3 Rfe8 14. Rfe1 Bb4 15.
a3 Be7 16. e4 dxe4 17. Nxe4 Kf8 18. Ne5 Nxe4 19. Nxd7+ Rxd7 20. Bxe4 Bf6 21.
Bf3 Red8 22. d5 cxd5 23. cxd5 Bxd5 24. Bxf6 gxf6 25. Qe3 Bxf3 26. Rxd7 Rxd7 27.
Qxh6+ Ke7 28. gxf3 Qc3 29. Qe3 Rd3 30. Qe4 Qxb3 31. Rc1 Rd7 32. Rc8 Qxa3 33.
Qa8 Qa5 34. Re8+ Kd6 35. Qb8+ Kd5 36. Rc8 Qa1+ 37. Kg2 f5 38. Rc2 Qd4 39. Qc8
Kd6 40. Qf8+ Kd5 41. Qa8+ Ke5 42. Qh8+ f6 43. Qb8+ Rd6 44. Qc7 f4 45. Re2+ Kd5
46. Qb7+ Kc5 47. Re4 Qd5 48. Qc7+ Kb5 49. Qxa7 e5 50. Qa4+ Kc5 51. Rb4 Qd3 52.
Rb3 Qe2 53. Rc3+ Kd5 54. Qb3+ Kd4 55. Rc2 Qd3 56. Qb4+ Kd5 57. Rd2 Qxd2 58.
Qxd2+ Kc5 59. Qc3+ Kd5 60. h4 b5 61. h5 f5 62. Qd3+ Kc5 63. Qxf5 1-0